XI Roku 2016 wg. Tygodnika "Piłka Nożna" (spoza Europy) - Statystyki

Ogólne statystyki
  • Ten quiz został rozwiązany 182 razy
  • Średni wynik to 10 z 11
Statystyki odpowiedzi
Pozycja Kraj Klub Odpowiedź % Poprawnych
BR Kostaryka Real Madryt Keylor Navas
98%
PS Argentyna Barcelona Lionel Messi
98%
ŚN Urugwaj Barcelona Luis Suarez
98%
LS Brazylia Barcelona Neymar
98%
LO Brazylia Real Madryt Marcelo
94%
PO Brazylia Barcelona / Juventus Dani Alves
92%
ŚPD Brazylia Real Madryt Casemiro
91%
ŚN Gabon Dortmund Pierre-Emerick Aubameyang
89%
ŚO Urugwaj Atletico Diego Godin
84%
ŚPD Brazylia Manchester City Fernandinho
78%
ŚO Brazylia PSG Marquinhos
71%
Nie znaleziono quizów pasujących do podanych kryteriów
Rozkład punktacji
Procent ludzi z każdym wynikiem
Percentyl według liczby udzielonych odpowiedzi
Twoja historia wyników
Nie rozwiązałeś tego quizu